Riotous robots / (Record no. 3775)
[ view plain ]
| 000 -LEADER | |
|---|---|
| fixed length control field | 00901nam a22002297a 4500 |
| 001 - CONTROL NUMBER | |
| control field | 3775 |
| 003 - CONTROL NUMBER IDENTIFIER | |
| control field | FISKH |
| 005 - DATE AND TIME OF LATEST TRANSACTION | |
| control field | 20240507084903.0 |
| 008 - FIXED-LENGTH DATA ELEMENTS--GENERAL INFORMATION | |
| fixed length control field | 240507b cb ||||| |||| 00| 0 eng d |
| 040 ## - CATALOGING SOURCE | |
| Original cataloging agency | FISK |
| Language of cataloging | eng |
| Transcribing agency | FISK |
| Modifying agency | FISK |
| 082 ## - DEWEY DECIMAL CLASSIFICATION NUMBER | |
| Classification number | 629.8 |
| 100 ## - MAIN ENTRY--PERSONAL NAME | |
| Personal name | Goldsmith Dr. Mike |
| Dates associated with a name | 1951- |
| 245 ## - TITLE STATEMENT | |
| Title | Riotous robots / |
| 260 ## - PUBLICATION, DISTRIBUTION, ETC. | |
| Place of publication, distribution, etc. | New York : |
| Name of publisher, distributor, etc. | Scholastic, |
| Date of publication, distribution, etc. | 2009 |
| 300 ## - PHYSICAL DESCRIPTION | |
| Extent | 175 pages : |
| Other physical details | illustrations, |
| Dimensions | 20 cm |
| 505 ## - FORMATTED CONTENTS NOTE | |
| Formatted contents note | F |
| 520 ## - SUMMARY, ETC. | |
| Summary, etc. | Riotous Robots are taking over the world. From underwater discovery to space travel, these metallic marvels are getting the most exciting jobs on the planet. This cybernetic guide tells you how they're doing it. It helps to discover a robot that's forced to snack on slugs for a living and a robo-alligator that works as a scarecrow. |
| 521 8# - TARGET AUDIENCE NOTE | |
| Target audience note | 430 |
| Source | Lexiles, |
| 700 ## - ADDED ENTRY--PERSONAL NAME | |
| Personal name | Dr. Mike Goldsmith |
| 942 ## - ADDED ENTRY ELEMENTS (KOHA) | |
| Source of classification or shelving scheme | Dewey Decimal Classification |
| Koha item type | Books |
| Suppress in OPAC | No |
| Withdrawn status | Lost status | Source of classification or shelving scheme | Damaged status | Not for loan | Collection | Home library | Current library | Shelving location | Date acquired | Total Checkouts | Full call number | Barcode | Date last seen | Date last checked out | Copy number | Price effective from | Koha item type |
|---|---|---|---|---|---|---|---|---|---|---|---|---|---|---|---|---|---|
| Dewey Decimal Classification | Non-Fiction | Footprints International School Library Network Toul Kork Campus | Footprints International School Library Network Toul Kork Campus | 05/07/2024 | 2 | GOL 629.8 | 2024-0571 | 05/09/2025 | 04/25/2025 | 1 | 05/07/2024 | Books |
